00587nam a2200181Ii 45000010005000000030009000050080041000140400033000550410008000880820016000961100070001122450068001822640062002503000012003123360026003243370028003503380027003785025CO-ViMGA241108s9999||||xx |||||||||||||| ||und|| aCO-ViMGAbspaerdacCO-ViMGA0 aunk04a708.98 B16c1 aBanco de la República (Colombia). Biblioteca Luis Angel Arango,10aColección latinoamericana :bMuseo de bellas artes de caracas 1a[Lugar de publicación no identificado] : El Banco, 1990 avolumen atextbtxt2rdacontent aunmediatedbn2rdamedia avolumebnc2rdacarrier